| 000 | 00825cab a2200277 4500 | ||
|---|---|---|---|
| 001 | ABS67419 | ||
| 008 | 040206n2004 000 0 eng u | ||
| 035 | _a(Sirsi) u125074 | ||
| 245 | _aFocus: Beds, Bucks and Oxon | ||
| 260 | _c2004 | ||
| 490 |
_aEstates Gazette _v(0405) 31 January 2004, 79-113(16) |
||
| 590 | _aABS | ||
| 650 | _aOXFORD | ||
| 650 | _aOXFORDSHIRE | ||
| 650 | _aBUCKINGHAMSHIRE | ||
| 650 | _aBEDFORDSHIRE | ||
| 650 | _aHIGH WYCOMBE | ||
| 650 | _aMILTON KEYNES | ||
| 650 | _aBEDFORD | ||
| 650 | _aBANBURY | ||
| 650 | _aPROPERTY-COMMERCIAL PROPERTY-OFFICE PROPERTY-OFFICE PROPERTY MARKET | ||
| 650 | _aINDUSTRIAL MARKET | ||
| 650 | _aPROPERTY-COMMERCIAL PROPERTY-RETAIL PROPERTY-RETAIL PROPERTY MARKET | ||
| 690 | _aPROPERTY-COMMERCIAL PROPERTY-COMMERCIAL PROPERTY MARKET | ||
| 942 | _n0 | ||
| 999 |
_c74137 _d74137 |
||